Po novom si ženy niekde priplatia, muži ušetria a naopak s Danou Mackovou o konci rozdeľovania klientov podľa pohlavia

Rozhovor s Danou Mackovou členkou predstavenstva Wüstenrot poisťovne. Pri určovaní poistného nebudú môcť poisťovne zohľadňovať pohlavie poisteného.

Salvato in:
Dettagli Bibliografici
Autore principale: Škriniar, Pavel, 1979-
Altri autori: Macková, Dana
Natura: Capitolo di libro
Lingua:slovacco
Soggetti:
Tags: Aggiungi Tag
Nessun Tag, puoi essere il primo ad aggiungerne!!

MARC

LEADER 00000nla a2200000 4500
001 0163611
005 20240502072838.9
041 0 |a slo 
044 |a SK 
245 1 0 |a Po novom si ženy niekde priplatia, muži ušetria a naopak  |b s Danou Mackovou o konci rozdeľovania klientov podľa pohlavia  |c Pavel Škriniar, Dana Macková 
520 |a Rozhovor s Danou Mackovou členkou predstavenstva Wüstenrot poisťovne. Pri určovaní poistného nebudú môcť poisťovne zohľadňovať pohlavie poisteného. 
610 2 0 |a poistenie 
610 2 0 |a muži 
610 2 0 |a ženy 
610 2 0 |a diskriminácia 
610 2 0 |a produkty 
610 2 0 |a riziko 
100 1 |a Škriniar, Pavel, 1979- 
700 1 |a Macková, Dana